|
|
|
|
| LEADER |
00000nab a2200000 a 4500 |
| 001 |
vtls010305797 |
| 003 |
SK-MaSNL |
| 005 |
20260305041013.0 |
| 008 |
110824c20110722xo dr| 0 0slo |
| 038 |
|
|
|a RVGKPD
|
| 040 |
|
|
|a RVGKPD
|b slo
|c RVGKPD
|e AACR2
|
| 041 |
|
|
|a slo
|
| 044 |
|
|
|a xo
|c SK
|
| 080 |
|
|
|a 796.332
|2 1997
|
| 245 |
0 |
0 |
|a V Drnave stavajú na odchovancoch
|c [autor] (pp)
|
| 610 |
2 |
7 |
|a Futbalový klub Baník (Drnava, Slovensko)
|2 rvgkpd
|9 1614976
|
| 650 |
0 |
7 |
|a futbal
|2 rvgkpd
|9 3291
|
| 651 |
|
7 |
|a Drnava (Slovensko)
|2 rvgkpd
|9 31136
|
| 651 |
|
7 |
|a Rožňava (Slovensko : okres)
|2 rvgkpd
|9 19215
|
| 773 |
0 |
|
|t Gemerský korzár
|g Roč. XIII, č. 169 (22.7.2011), s. 16
|x 1335-7581
|
| 852 |
|
|
|a RVGKPD
|b KIS3G
|
| 856 |
4 |
1 |
|u http://korzar.sme.sk/c/5987145/m-matejovsky-obhajil-minulorocne-prvenstvo.html
|
| 992 |
|
|
|a RBX
|
| 999 |
|
|
|c 3341513
|d 3343443
|